000 00398nam a2200157 i 4500
001 bg
100 1 _aNOWACKI, Tadeusz.
245 0 _aMechanizacja rolnictwa.
_nT.2 /
_cTadeusz Nowacki.
250 _aWyd.3.
260 _aWarszawa,
_c1984.
521 _aPodręcznik dla studentów akademii rolniczch.
040 _cBPK
041 _apol
942 _cKS
008 s pl f |000 0 pol
999 _c1060
_d1060
856 _uhttp://koha.tu.koszalin.pl/cgi-bin/koha/opac-detail.pl?biblionumber=1060
_yKatalog online BPK